Statistiques concernant Hits des années 2010.

Cliquez ici pour prendre le quiz!

Statistiques générales

  • Ce quiz a été pris 1 016 fois
  • Le résultat moyen est 29 sur 50

Statistiques - réponses

Année de sortieTitreArtiste / Groupe% Correct
2010 Alors on danseStromae
99%
2010Waka WakaShakira
98%
2012TitaniumDavid Guetta ft Sia
95%
2014ChandelierSia
94%
2010Bad RomanceLady Gaga
91%
2011Someone like youAdele
88%
2019Balance ton quoiAngèle
88%
2010BabyJustin Bieber
87%
2011FireworkKaty Perry
86%
2014AndalouseKendji Girac
86%
2013Get LuckyDaft Punk
81%
2010Tik TokKe$ha
79%
2013Wrecking BallMiley Cyrus
77%
2011Party Rock AnthemLMFAO
74%
2011ParadiseColdplay
73%
2011The Lazy SongBruno Mars
72%
2017Coco câlineJulien Doré
72%
2019Bad guyBillie Eilish
68%
2017DespacitoLuis Fonsi feat Daddy Yankee
67%
2017Je m'en vaisVianney
65%
2017HavanaCamila Cabello
64%
2012Call Me MaybeCarly Rae Jepsen
62%
2015Le Chant Des SirènesFrero delavega
61%
2013Wake Me Up !Aviici
58%
2019La grenadeClara Luciani
58%
2012StarshipsNicky Minaj
57%
2016J'ai cherchéAmir
56%
2018Taki takiDj Snake ft Selena Gomez ft Ozuna ft Cardi B
55%
2016Can't stop the feelingJustin Timberlake
55%
2015CheerleaderOmi
52%
2014Le GraalKyo
50%
2015HomelessMarina Kaye
46%
2013Impossible James Arthur
44%
2014Stay With MeSam Smith
44%
2018A nos souvenirs3 cafés gourmands
43%
2018No tears left to cryAriana Grande
42%
2017On était beauLouane
42%
2015Take me to churchHozier
41%
2014RoyalsLorde
41%
2012Somebody That I Used To KnowGotye
40%
2015Marvin GayeCharlie Puth feat Meghan Trainor
35%
2019Bad liarImagine Dragons
35%
2019Dance monkeyTones and I
34%
2013Blurred LinesRobin Thicke
31%
2016RideTwenty one pilots
26%
2016Don't be so shyImany
14%
2018ShotgunGeorge Ezra
13%
2018AlrightJain
12%
2012Drive ByTrain
11%
2016Don't worryMadcon feat Ray Dalton
9%

Distribution des résultats

Percentile par nombre de réponses

% des personnes avec chaque résultat

Votre développement - résultats

Vous n’avez pas pris ce quiz